OPERATION RESEARCH (Record no. 2467)
[ view plain ]
| 000 -LEADER | |
|---|---|
| fixed length control field | 00359nam a2200157Ia 4500 |
| 003 - CONTROL NUMBER IDENTIFIER | |
| control field | OSt |
| 005 - DATE AND TIME OF LATEST TRANSACTION | |
| control field | 20240113151505.0 |
| 008 - FIXED-LENGTH DATA ELEMENTS--GENERAL INFORMATION | |
| fixed length control field | 170524s9999 xx 000 0 und d |
| 020 ## - INTERNATIONAL STANDARD BOOK NUMBER | |
| International Standard Book Number | 978-8175155190 |
| 040 ## - CATALOGING SOURCE | |
| Transcribing agency | IIMT UNIVERSITY |
| 100 ## - MAIN ENTRY--PERSONAL NAME | |
| Personal name | KUMAR.S & JAIN.P |
| 100 ## - MAIN ENTRY--PERSONAL NAME | |
| Titles and words associated with a name | 2011 |
| 245 #0 - TITLE STATEMENT | |
| Title | OPERATION RESEARCH |
| 260 ## - PUBLICATION, DISTRIBUTION, ETC. | |
| Place of publication, distribution, etc. | NIRUPAM SAHITYA |
| 942 ## - ADDED ENTRY ELEMENTS (KOHA) | |
| Source of classification or shelving scheme | |
| Koha item type | Book Bank |
| Withdrawn status | Lost status | Source of classification or shelving scheme | Damaged status | Not for loan | Home library | Current library | Date acquired | Barcode | Date last seen | Uniform Resource Identifier | Price effective from | Koha item type | Public note |
|---|---|---|---|---|---|---|---|---|---|---|---|---|---|
| IIMT University Central Library Meerut | IIMT University Central Library Meerut | 05/31/2017 | 01-B-18689 | 05/31/2017 | OPERATION RESEARCH | 05/31/2017 | Book Bank | ||||||
| IIMT University Central Library Meerut | IIMT University Central Library Meerut | 05/31/2017 | 01-B-18690 | 05/31/2017 | OPERATION RESEARCH | 05/31/2017 | Book Bank | ||||||
| IIMT University Central Library Meerut | IIMT University Central Library Meerut | 05/31/2017 | 01-B-18691 | 05/31/2017 | OPERATION RESEARCH | 05/31/2017 | Book Bank | ||||||
| IIMT University Central Library Meerut | IIMT University Central Library Meerut | 05/31/2017 | 01-B-18692 | 05/31/2017 | OPERATION RESEARCH | 05/31/2017 | Book Bank | ||||||
| IIMT University Central Library Meerut | IIMT University Central Library Meerut | 05/31/2017 | 01-B-18693 | 05/31/2017 | OPERATION RESEARCH | 05/31/2017 | Book Bank | ||||||
| IIMT University Central Library Meerut | IIMT University Central Library Meerut | 05/31/2017 | 01-B-18694 | 05/31/2017 | OPERATION RESEARCH | 05/31/2017 | Book Bank | ||||||
| IIMT University Central Library Meerut | IIMT University Central Library Meerut | 05/31/2017 | 01-B-18695 | 05/31/2017 | OPERATION RESEARCH | 05/31/2017 | Book Bank | ||||||
| IIMT University Central Library Meerut | IIMT University Central Library Meerut | 05/31/2017 | 01-B-18696 | 05/31/2017 | OPERATION RESEARCH | 05/31/2017 | Book Bank | ||||||
| IIMT University Central Library Meerut | IIMT University Central Library Meerut | 05/31/2017 | 01-B-18697 | 05/31/2017 | OPERATION RESEARCH | 05/31/2017 | Book Bank | ||||||
| IIMT University Central Library Meerut | IIMT University Central Library Meerut | 05/31/2017 | 01-B-18698 | 05/31/2017 | OPERATION RESEARCH | 05/31/2017 | Book Bank |

